[Event "O pohar mesta Ricany 2016"]
[Site "Kulturni centrum Labut, 17. Listopadu 214 25101 Ricany"]
[Date "2016.09.02"]
[Round "8.14"]
[White "Pivonka, Michael"]
[Black "Hadrava, Jaroslav"]
[Result "0-1"]
[WhiteElo "1692"]
[BlackElo "1972"]
[PlyCount "0"]
[EventDate "2016.09.02"]

1. d4 Nf6 2. c4 e6 3. Nc3 Bb4 4. Qc2 c5 5. dxc5 Nc6 6. Nf3 Bxc5 7. Bg5 Be7
8. e3 b6 9. Be2 Nh5 10. Bxe7 Qxe7 11. O-O O-O 12. Nd4 Nf6 13. Nxc6 dxc6 14. Rfd1
Bb7 15. Rd2 Rad8 16. Rad1 Rxd2 17. Qxd2 c5 18. f3 Bc6 19. Qd6 Qxd6 20. Rxd6 Rc8
21. Bd1 Kf8 22. Ba4 Bxa4 23. Nxa4 Ke7 24. Rd2 Rd8 25. Rxd8 Kxd8 26. Nc3 a6
27. Kf2 Kd7 28. Ke2 Kc6 29. Kd3 Nd7 30. f4 f5 31. e4 g6 32. e5 h6 33. g3 g5
34. Ne2 g4 35. b3 b5 36. a3 Kb6 37. Kc2 Nb8 38. Kd3 Nc6 39. Kc2 Na5 40. Kc3 Kc6
41. Nc1 Kb6 42. Kd3 bxc4+ 43. bxc4 Nc6 44. Nb3 h5 45. Kc3 Ne7 46. Kd3 Ng6
47. Ke3 h4 48. Ke2 h3 49. Ke3 Nh4 50. Kf2 Nf3 0-1

[Event "O pohar mesta Ricany 2016"]
[Site "Kulturni centrum Labut, 17. Listopadu 214 25101 Ricany"]
[Date "2016.09.02"]
[Round "8.15"]
[White "Pribyl, Jaroslav"]
[Black "Paulovic, Milan"]
[Result "1-0"]
[WhiteElo "1960"]
[BlackElo "1821"]
[PlyCount "0"]
[EventDate "2016.09.02"]

1. d4 Nf6 2. Nf3 d6 3. c4 g6 4. Nc3 Bg7 5. e4 O-O 6. Be2 Re8 7. O-O Nbd7 8. Qc2
a5 9. b3 e5 10. dxe5 dxe5 11. Rd1 c6 12. Ba3 Bf8 13. Bxf8 Kxf8 14. a3 Qc7 15. b4
b6 16. Qd2 Kg7 17. h3 h5 18. Qg5 axb4 19. axb4 Rxa1 20. Rxa1 Qd6 21. b5 c5
22. Rd1 Qf8 23. Nh4 Kh7 24. Qd2 Bb7 25. f3 Qh6 26. Qxh6+ Kxh6 27. Nd5 Ra8
28. Nxf6 Nxf6 29. Rd6 1-0

[Event "O pohar mesta Ricany 2016"]
[Site "Kulturni centrum Labut, 17. Listopadu 214 25101 Ricany"]
[Date "2016.09.02"]
[Round "8.16"]
[White "Koper, Stefan"]
[Black "Novotny, Martin"]
[Result "1/2-1/2"]
[WhiteElo "1917"]
[BlackElo "1557"]
[PlyCount "0"]
[EventDate "2016.09.02"]

1. d4 Nf6 2. c4 g6 3. Nc3 Bg7 4. e4 d6 5. Nge2 O-O 6. Ng3 Nbd7 7. Be2 c5 8. d5
a6 9. O-O h5 10. Re1 b5 11. cxb5 axb5 12. Bxb5 Ba6 13. Bxa6 Rxa6 14. Nf1 Qb6
15. Ne3 Rfa8 16. h3 Ne8 17. Qc2 Nc7 18. Bd2 Nb5 19. Reb1 Nd4 20. Qd1 Ne5 21. Be1
Bh6 22. b3 Qb4 23. a4 Qb7 24. b4 Qd7 25. bxc5 dxc5 26. Nb5 Nxb5 27. axb5 Rxa1
28. Rxa1 Rb8 29. Bc3 f6 30. Bxe5 fxe5 31. Nc4 Qxb5 32. Qd3 Bg7 33. Rc1 Qb4
34. d6 exd6 35. Qxd6 Kf7 36. Qd5+ Kf8 37. Nd6 Qb3 38. Rc4 Ke7 39. Qxc5 Qd1+
40. Kh2 Qxd6 41. Qc7+ Qxc7 42. Rxc7+ Kf8 43. h4 Re8 44. Kh3 Re7 45. Rc6 Kf7
46. f3 Rd7 47. g4 Bf6 48. g5 Be7 49. Kg3 Rb7 50. Ra6 Rc7 51. Rb6 Rc1 52. Rb7 Rc6
53. Ra7 Ke6 54. Kh3 Rb6 55. Ra8 Rb1 56. Re8 Kf7 57. Ra8 Rh1+ 58. Kg3 Rg1+
59. Kf2 Rd1 60. Kg3 Rd7 61. Rc8 Rd6 62. Rc7 Rb6 63. Ra7 Ke6 64. Ra5 Bb4 65. Ra2
Be1+ 66. Kh3 Kd6 67. Ra1 Bd2 68. Ra8 Bf4 69. Rc8 Rb2 70. Rc6+ Kxc6 1/2-1/2

[Event "O pohar mesta Ricany 2016"]
[Site "Kulturni centrum Labut, 17. Listopadu 214 25101 Ricany"]
[Date "2016.09.02"]
[Round "8.17"]
[White "Havelka, Petr"]
[Black "Kovar, Jan"]
[Result "1/2-1/2"]
[WhiteElo "1827"]
[BlackElo "1912"]
[PlyCount "0"]
[EventDate "2016.09.02"]

1. d4 d5 2. c4 e6 3. Nc3 c6 4. cxd5 exd5 5. Nf3 Nf6 6. e3 Bf5 7. Bd3 Bxd3
8. Qxd3 Be7 9. b3 O-O 10. Bb2 Nbd7 11. O-O Bd6 12. Rac1 Re8 13. Qf5 h6 14. g3
Re6 15. Nh4 Nf8 16. Ng2 N8h7 17. Nf4 Re8 18. Nd3 Ng5 19. Nc5 g6 20. Qc2 Qc8
21. Qe2 Ng4 22. Nd1 h5 23. h4 Ne6 24. Nxe6 Qxe6 25. Qf3 Nf6 26. Kg2 Ne4 27. Rc2
Qd7 28. Nc3 Re6 29. Nxe4 Rxe4 30. Bc3 Rae8 31. Rh1 R8e6 32. Be1 Qe7 33. Qd1 Rf6
34. Qd3 Qd7 35. f3 Re8 36. Bf2 Bb8 37. b4 a6 38. a3 Qd6 39. Rb1 Rfe6 40. Re2 Qd7
41. Rbe1 f5 42. Qc2 Qe7 43. Qd3 Kg7 44. Qc2 Kf7 1/2-1/2

[Event "O pohar mesta Ricany 2016"]
[Site "Kulturni centrum Labut, 17. Listopadu 214 25101 Ricany"]
[Date "2016.09.02"]
[Round "8.18"]
[White "Vilimova, Julie"]
[Black "Maslo, Ondrej"]
[Result "1-0"]
[WhiteElo "1709"]
[BlackElo "1750"]
[PlyCount "0"]
[EventDate "2016.09.02"]

1. d4 d5 2. c4 c6 3. Nc3 Bf5 4. cxd5 cxd5 5. Qb3 Nc6 6. Nf3 e6 7. Qxb7 Nge7
8. Bf4 Rc8 9. Nb5 Qa5+ 10. Nd2 e5 11. Nd6+ Kd8 12. Nxf7+ Ke8 13. Nd6+ Kd8
14. dxe5 Qa4 15. e4 Nd4 16. Nf7+ Ke8 17. Bb5+ Nxb5 18. Qxb5+ Qxb5 19. Nd6+ Kd7
20. Nxb5 dxe4 21. Rd1 Nd5 22. Nb3 Bb4+ 23. Bd2 Bg4 24. f3 exf3 25. Bxb4 fxg2
26. Rxd5+ Ke6 27. Rd6+ Kxe5 28. Rg1 Rc2 29. Bd2 a6 30. Rxa6 Bh3 31. Kd1 Rhc8
32. Re1+ Kd5 33. Nc3+ R2xc3 34. Bxc3 Rf8 35. Ra5+ Kc6 36. Nd2 Rf2 37. Rg5 h5
38. Rg6+ Kd7 39. Rxg7+ Kc6 40. Kc1 Bg4 41. h4 Re2 42. Rg1 Kd5 43. Rg5+ Ke6
44. Re5+ 1-0

[Event "O pohar mesta Ricany 2016"]
[Site "Kulturni centrum Labut, 17. Listopadu 214 25101 Ricany"]
[Date "2016.09.02"]
[Round "8.19"]
[White "Hampel, Rudolf"]
[Black "Otrubova, Kristyna"]
[Result "1-0"]
[WhiteElo "1710"]
[BlackElo "1564"]
[PlyCount "0"]
[EventDate "2016.09.02"]

1. e4 c5 2. Nf3 d6 3. d4 cxd4 4. Nxd4 Nf6 5. Nc3 g6 6. Bg5 Bg7 7. Bc4 Nc6
8. Nxc6 bxc6 9. Qd2 Rb8 10. Bb3 Ba6 11. Bh6 Bxh6 12. Qxh6 Rg8 13. O-O-O Qb6
14. Qf4 Qb4 15. a3 Qb6 16. Rhe1 c5 17. e5 dxe5 18. Qxe5 Rb7 19. Na4 Qc7 20. Qxf6
1-0

[Event "O pohar mesta Ricany 2016"]
[Site "Kulturni centrum Labut, 17. Listopadu 214 25101 Ricany"]
[Date "2016.09.02"]
[Round "8.20"]
[White "Hejsek, Lukas"]
[Black "Martinec, Karel"]
[Result "1/2-1/2"]
[WhiteElo "1668"]
[BlackElo "1889"]
[PlyCount "0"]
[EventDate "2016.09.02"]

1. e4 e5 2. Bc4 Nc6 3. Nf3 Bc5 4. d3 Nf6 5. O-O O-O 6. Nc3 h6 7. h3 d6 8. Na4
Bb6 9. Nxb6 axb6 10. Be3 Be6 11. Bb3 Bxb3 12. axb3 Qd7 13. Qd2 Kh7 14. Ra3 Rxa3
15. bxa3 d5 16. exd5 Nxd5 17. Re1 Re8 1/2-1/2

[Event "O pohar mesta Ricany 2016"]
[Site "Kulturni centrum Labut, 17. Listopadu 214 25101 Ricany"]
[Date "2016.09.02"]
[Round "8.21"]
[White "Vorackova, Jarmila"]
[Black "Simak, Roman"]
[Result "1/2-1/2"]
[WhiteElo "1878"]
[BlackElo "1650"]
[PlyCount "0"]
[EventDate "2016.09.02"]

1. d4 d5 2. c4 c6 3. Nc3 Nf6 4. Qc2 Bg4 5. cxd5 cxd5 6. Bg5 e6 7. e3 Nc6 8. a3
Bf5 9. Bd3 Bxd3 10. Qxd3 a6 11. Nf3 Be7 12. O-O O-O 13. Nd2 Nd7 14. Bxe7 Qxe7
15. b4 Rfc8 16. Na4 b5 17. Nc5 Nb6 18. f4 f5 19. Nf3 h6 20. h3 Nc4 21. Ne5 N6xe5
22. fxe5 a5 23. Qe2 g6 24. Qe1 a4 25. Qe2 Rc6 26. Kh2 Kh7 27. Nd3 Rac8 28. Nc5
Rg8 29. Rg1 Qg5 30. Rge1 Qe7 31. Ra2 Rf8 32. Rg1 Qg5 33. Nd7 Rf7 34. Nf6+ Kg7
35. g4 Qxe3 36. Qxe3 Nxe3 37. gxf5 Nxf5 1/2-1/2

[Event "O pohar mesta Ricany 2016"]
[Site "Kulturni centrum Labut, 17. Listopadu 214 25101 Ricany"]
[Date "2016.09.02"]
[Round "8.22"]
[White "Skrabanek, Matej"]
[Black "Sadil, Jan"]
[Result "0-1"]
[WhiteElo "1680"]
[BlackElo "1798"]
[PlyCount "0"]
[EventDate "2016.09.02"]

1. e4 e5 2. f4 Bc5 3. Nf3 d6 4. Nc3 Nc6 5. Bb5 Bg4 6. Na4 Ne7 7. Nxc5 dxc5
8. O-O O-O 9. c3 a6 10. Ba4 b5 11. Bc2 exf4 12. d4 cxd4 13. Bxf4 Ng6 14. Bg3
dxc3 15. bxc3 Qe7 16. Qd5 Bxf3 17. Rxf3 Nce5 18. Bxe5 Qxe5 19. Bb3 Rad8 20. Qxe5
Nxe5 21. Rf5 Rfe8 22. Raf1 Rd7 23. a4 Ree7 24. Ra1 g6 25. Rf6 bxa4 26. Rxa4 Rd3
27. Raxa6 Rxc3 28. Bd5 Rc1+ 29. Kf2 Ng4+ 0-1

[Event "O pohar mesta Ricany 2016"]
[Site "Kulturni centrum Labut, 17. Listopadu 214 25101 Ricany"]
[Date "2016.09.02"]
[Round "8.23"]
[White "Stork, Rostislav"]
[Black "Benes, Karel"]
[Result "1-0"]
[WhiteElo "1779"]
[BlackElo "1713"]
[PlyCount "0"]
[EventDate "2016.09.02"]

1. e4 e5 2. Nf3 Nf6 3. Nc3 d6 4. d4 Bg4 5. dxe5 Bxf3 6. Qxf3 dxe5 7. Bc4 Be7
8. Nd5 c6 9. Nxe7 Qxe7 10. Bd2 O-O 11. O-O-O a5 12. Bg5 b5 13. Bxf6 Qxf6
14. Qxf6 gxf6 15. Be2 Ra7 16. Rd6 Kg7 17. Rhd1 Rc7 18. R1d3 Re8 19. Rg3+ Kh8
20. Rxf6 Re6 21. Rxe6 fxe6 22. Bg4 Re7 23. Rd3 Kg7 24. Rd8 Na6 25. Rd6 Nc5
26. Rxc6 Nxe4 27. f3 Ng5 28. Rc5 Nf7 29. Rxb5 Kg6 30. Rxa5 h5 31. Bh3 Ng5
32. Rxe5 Kf6 33. Ra5 Rd7 34. a4 Nxh3 35. gxh3 e5 36. b4 Kf5 37. Rc5 Rd4 38. b5
Rxa4 39. c4 Ra3 40. b6 Rb3 41. Rb5 Rc3+ 42. Kd2 Rxc4 43. b7 1-0

[Event "O pohar mesta Ricany 2016"]
[Site "Kulturni centrum Labut, 17. Listopadu 214 25101 Ricany"]
[Date "2016.09.02"]
[Round "8.24"]
[White "Civin, Dominik"]
[Black "Hlavacek, Ondrej"]
[Result "1/2-1/2"]
[WhiteElo "1777"]
[BlackElo "1591"]
[PlyCount "0"]
[EventDate "2016.09.02"]

1. e4 c5 2. c4 Nc6 3. Nc3 g6 4. g3 Bg7 5. Bg2 d6 6. d3 e6 7. Nge2 Nge7 8. O-O
O-O 9. f4 f5 10. Be3 Bd7 11. e5 dxe5 12. Bxc5 Rc8 13. Bd6 b6 14. Re1 Re8
15. fxe5 Bxe5 16. Bxe5 Nxe5 17. Nd4 N7c6 18. Ncb5 Nxd4 19. Nxd4 Bc6 20. Nxc6
Nxc6 21. Bxc6 Rxc6 22. Re3 1/2-1/2

[Event "O pohar mesta Ricany 2016"]
[Site "Kulturni centrum Labut, 17. Listopadu 214 25101 Ricany"]
[Date "2016.09.02"]
[Round "8.25"]
[White "Chromovsky, Hynek"]
[Black "Novotna, Tereza"]
[Result "1-0"]
[WhiteElo "1724"]
[BlackElo "1566"]
[PlyCount "0"]
[EventDate "2016.09.02"]

1. c4 e5 2. Nc3 Nc6 3. g3 g6 4. Bg2 Bg7 5. e3 d6 6. Nge2 h5 7. d4 h4 8. dxe5
Nxe5 9. Bd2 Nd3+ 10. Kf1 Nf6 11. Qc2 Ne5 12. f4 Nc6 13. Nd5 hxg3 14. hxg3 Rxh1+
15. Bxh1 Bg4 16. Nxf6+ Bxf6 17. Qe4+ Qe7 18. Nc3 O-O-O 19. Qxe7 Nxe7 20. Be4 Rh8
21. Kg2 Bh3+ 22. Kf2 Bf5 23. Bg2 Bd3 24. b3 a6 25. Re1 Rh2 26. Kg1 Rh8 27. Be4
Bxe4 28. Nxe4 Bg7 29. Bc3 Bxc3 30. Nxc3 Nf5 31. Kg2 c6 32. g4 Ng7 33. Rh1 Rxh1
34. Kxh1 b5 35. Ne4 Kc7 36. c5 d5 37. Nd6 f5 38. gxf5 gxf5 39. Kg2 a5 40. Kf3
Kd7 41. Ke2 Ke6 42. Kd3 Nh5 43. a4 bxa4 44. bxa4 Nf6 45. Nb7 Ne4 46. Kd4 Ng3
47. Nxa5 Kd7 48. Nb3 Kc7 49. Kd3 Kb7 50. Na5+ Kc7 51. Kc3 Nf1 52. Kd4 Ng3
53. Nb3 Kb7 54. Ke5 Nf1 55. Kxf5 Nxe3+ 56. Ke5 Ng4+ 57. Kd6 Nf6 58. Ke6 Ne4
59. f5 d4 60. f6 d3 61. f7 Ng5+ 62. Ke7 Nxf7 63. Kxf7 Ka6 64. Ke6 d2 65. Nxd2
Ka5 66. Kd6 Kxa4 67. Kxc6 Ka5 68. Kd7 1-0

[Event "O pohar mesta Ricany 2016"]
[Site "Kulturni centrum Labut, 17. Listopadu 214 25101 Ricany"]
[Date "2016.09.02"]
[Round "8.26"]
[White "Jirousek, Tadeas"]
[Black "Palla, Ivan"]
[Result "1-0"]
[WhiteElo "1577"]
[BlackElo "1553"]
[PlyCount "0"]
[EventDate "2016.09.02"]

1. d4 f5 2. Nf3 Nf6 3. e3 e6 4. Bd3 Be7 5. O-O O-O 6. b3 b6 7. c4 Bb7 8. Nc3
Ne4 9. Bb2 Na6 10. a3 Bf6 11. Qc2 Nxc3 12. Bxc3 c5 13. b4 d6 14. Rfe1 Nc7 15. e4
g6 16. Rad1 cxd4 17. Nxd4 e5 18. Nb3 f4 19. c5 Kg7 20. Bc4 d5 21. exd5 Nxd5
22. Bxe5 Bxe5 23. Rxe5 Qf6 24. Bxd5 Qxe5 25. Bxb7 Rad8 26. h3 bxc5 27. bxc5
Rxd1+ 28. Qxd1 Rf7 29. c6 Kh6 30. Nd4 Re7 31. a4 a5 32. Nb5 1-0

[Event "O pohar mesta Ricany 2016"]
[Site "Kulturni centrum Labut, 17. Listopadu 214 25101 Ricany"]
[Date "2016.09.02"]
[Round "8.27"]
[White "Konvalinka, Vladislav"]
[Black "Kuhnmund, Ivan"]
[Result "1-0"]
[WhiteElo "1696"]
[BlackElo "1709"]
[PlyCount "0"]
[EventDate "2016.09.02"]

1. d4 b6 2. c4 Bb7 3. Nc3 Nf6 4. Nf3 e6 5. g3 d5 6. Bg2 dxc4 7. O-O a6 8. a4
Nbd7 9. Qc2 c5 10. Rd1 cxd4 11. Nxd4 Bxg2 12. Kxg2 Rc8 13. Nf3 Qc7 14. e4 Qb7
15. Qe2 Be7 16. e5 Nd5 17. Nxd5 exd5 18. e6 Nf6 19. exf7+ Kf8 20. Kg1 Bd6
21. Qe6 Rd8 22. Be3 Qxf7 23. Qxf7+ Kxf7 24. Bxb6 Rc8 25. Bd4 Rhd8 26. Bxf6 gxf6
27. Rxd5 Be5 28. Nxe5+ fxe5 29. Rad1 Rxd5 30. Rxd5 Ke6 31. Rd2 Rb8 32. Re2 Kd5
33. f4 e4 34. Rd2+ Kc5 35. Kf2 Rb3 36. Ke2 Kb4 37. Rc2 Rf3 38. f5 Kb3 39. Rc3+
Kxb2 40. Rxc4 Rxf5 41. Rxe4 Kb3 42. Kd2 Rf2+ 43. Re2 Rxe2+ 44. Kxe2 Kxa4 45. g4
Kb5 46. h4 1-0

[Event "O pohar mesta Ricany 2016"]
[Site "Kulturni centrum Labut, 17. Listopadu 214 25101 Ricany"]
[Date "2016.09.02"]
[Round "8.28"]
[White "Pospichal, Michael"]
[Black "Kucera, Josef"]
[Result "1-0"]
[WhiteElo "1650"]
[BlackElo "1716"]
[PlyCount "0"]
[EventDate "2016.09.02"]

1. e4 g6 2. d4 Bg7 3. c3 e5 4. dxe5 Bxe5 5. f4 Bg7 6. Nf3 d6 7. Bc4 Be6 8. Bxe6
fxe6 9. Qb3 Nd7 10. Qxe6+ Qe7 11. Qxe7+ Kxe7 12. Be3 Ngf6 13. Nbd2 Rhf8 14. g3
Rae8 15. O-O Kd8 16. Bd4 c5 17. Bxf6+ Bxf6 18. Rfe1 Kc7 19. Rad1 b5 20. a4 bxa4
21. Nc4 Be7 22. Ra1 Nb6 23. Nxb6 Kxb6 24. Rxa4 a6 25. Rea1 Ra8 26. Nd2 Rfe8
27. Nc4+ Kb7 28. Kf2 Bf8 29. Kf3 Re6 30. b4 cxb4 31. Rxb4+ Kc7 32. Rb6 a5
33. Rb5 Bg7 34. Rbxa5 Rxa5 35. Rxa5 Bxc3 36. Ra7+ Kc6 37. Rxh7 Kc5 38. Rc7+ Kd4
39. Rc6 Bb4 40. e5 Kd5 41. Rc8 Bc5 42. Nxd6 Bxd6 43. Rd8 Rxe5 44. fxe5 Kxe5
45. Kg4 Be7 46. Re8 Kf6 47. Rxe7 Kxe7 48. Kg5 Kf7 49. h4 Kg7 50. h5 gxh5
51. Kxh5 Kh7 52. g4 Kg7 53. Kg5 1-0

[Event "O pohar mesta Ricany 2016"]
[Site "Kulturni centrum Labut, 17. Listopadu 214 25101 Ricany"]
[Date "2016.09.03"]
[Round "9.1"]
[White "Krejci, Jan"]
[Black "Svatos, Jan"]
[Result "1-0"]
[WhiteElo "2496"]
[BlackElo "2256"]
[PlyCount "0"]
[EventDate "2016.09.03"]

1. d4 {[%clk 1:30:57]} d5 {[%clk 1:30:11]} 2. Nf3 {[%clk 1:31:03]} Nf6
{[%clk 1:30:35]} 3. c4 {[%clk 1:31:25]} c6 {[%clk 1:31:00]} 4. e3
{[%clk 1:31:48]} Bf5 {[%clk 1:30:47]} 5. Nc3 {[%clk 1:31:51]} a6 {[%clk 1:30:06]}
6. Bd3 {[%clk 1:31:16]} Bxd3 {[%clk 1:26:52]} 7. Qxd3 {[%clk 1:31:44]} b5
{[%clk 1:21:29]} 8. b3 {[%clk 1:29:42]} e6 {[%clk 1:19:00]} 9. O-O
{[%clk 1:30:05]} Nbd7 {[%clk 1:14:32]} 10. a4 {[%clk 1:24:29]} bxc4
{[%clk 1:06:32]} 11. bxc4 {[%clk 1:24:52]} Be7 {[%clk 1:05:21]} 12. a5
{[%clk 1:18:53]} O-O {[%clk 1:04:55]} 13. Ba3 {[%clk 1:17:40]} Bxa3
{[%clk 1:00:47]} 14. Rxa3 {[%clk 1:16:21]} Qc7 {[%clk 0:53:52]} 15. Rc1
{[%clk 1:10:13]} Rfb8 {[%clk 0:51:30]} 16. h3 {[%clk 1:08:40]} h6
{[%clk 0:46:43]} 17. Raa1 {[%clk 0:59:22]} Qd8 {[%clk 0:46:17]} 18. c5
{[%clk 0:58:56]} Ne8 {[%clk 0:30:56]} 19. Na4 {[%clk 0:54:31]} Nc7
{[%clk 0:29:59]} 20. Nb6 {[%clk 0:54:56]} Ra7 {[%clk 0:30:25]} 21. e4
{[%clk 0:51:02]} Nb5 {[%clk 0:19:59]} 22. e5 {[%clk 0:49:47]} Qe7
{[%clk 0:16:42]} 23. Re1 {[%clk 0:49:24]} Rf8 {[%clk 0:15:56]} 24. Ra2
{[%clk 0:49:47]} Rb7 {[%clk 0:15:38]} 25. Rae2 {[%clk 0:49:06]} Rbb8
{[%clk 0:15:35]} 26. Re3 {[%clk 0:48:50]} Rbd8 {[%clk 0:14:32]} 27. Qd2
{[%clk 0:48:14]} Nb8 {[%clk 0:14:39]} 28. g3 {[%clk 0:46:23]} Rde8
{[%clk 0:14:32]} 29. Kg2 {[%clk 0:46:37]} Kh8 {[%clk 0:12:54]} 30. h4
{[%clk 0:46:48]} Kg8 {[%clk 0:12:52]} 31. Rd3 {[%clk 0:45:47]} Nd7
{[%clk 0:12:14]} 32. Qf4 {[%clk 0:42:04]} f5 {[%clk 0:10:48]} 33. h5
{[%clk 0:40:11]} Rf7 {[%clk 0:10:26]} 34. Rh1 {[%clk 0:40:36]} Nf8
{[%clk 0:09:58]} 35. Kf1 {[%clk 0:41:00]} Nh7 {[%clk 0:10:06]} 36. Ke2
{[%clk 0:40:29]} Ng5 {[%clk 0:07:35]} 37. Nh4 {[%clk 0:40:52]} Ne4
{[%clk 0:07:15]} 38. f3 {[%clk 0:37:45]} Nxd4+ {[%clk 0:05:23]} 39. Rxd4
{[%clk 0:38:06]} Qxc5 {[%clk 0:05:51]} 40. fxe4 {[%clk 0:34:11]} Qxd4
{[%clk 0:05:31]} 41. exf5 {[%clk 0:31:49]} Qb2+ {[%clk 0:05:54]} 42. Kf3
{[%clk 0:31:17]} Qa3+ {[%clk 0:03:30]} 43. Qe3 {[%clk 0:30:44]} Qxa5
{[%clk 0:03:33]} 44. Rc1 {[%clk 0:30:32]} Rc7 {[%clk 0:01:48]} 45. fxe6
{[%clk 0:29:24]} Rxe6 {[%clk 0:01:50]} 46. Ng6 {[%clk 0:28:56]} Qa2
{[%clk 0:00:33]} 47. Nf4 {[%clk 0:28:36]} Rf7 {[%clk 0:00:31]} 48. Kg4
{[%clk 0:28:07]} Re8 {[%clk 0:00:34]} 49. Rxc6 {[%clk 0:28:01]} Qh2
{[%clk 0:00:34]} 50. Nbxd5 {[%clk 0:27:45]} g5 {[%clk 0:00:48]} 51. Rg6+
{[%clk 0:25:25]} Kh7 {[%clk 0:00:59]} 52. Nf6+ {[%clk 0:25:45]} Rxf6
{[%clk 0:01:14]} 53. Qa7+ {[%clk 0:26:05]} 1-0

[Event "O pohar mesta Ricany 2016"]
[Site "Kulturni centrum Labut, 17. Listopadu 214 25101 Ricany"]
[Date "2016.09.03"]
[Round "9.2"]
[White "Bures, Jaroslav"]
[Black "Balacek, Tadeas"]
[Result "1-0"]
[WhiteElo "2376"]
[BlackElo "2302"]
[PlyCount "0"]
[EventDate "2016.09.03"]

1. d4 {[%clk 1:30:50]} d5 {[%clk 1:29:22]} 2. c4 {[%clk 1:31:14]} dxc4
{[%clk 1:28:34]} 3. Nf3 {[%clk 1:31:38]} Nf6 {[%clk 1:28:56]} 4. e3
{[%clk 1:30:49]} Bg4 {[%clk 1:29:07]} 5. Bxc4 {[%clk 1:29:38]} e6
{[%clk 1:27:26]} 6. Qb3 {[%clk 1:27:14]} Bxf3 {[%clk 1:25:26]} 7. gxf3
{[%clk 1:27:40]} Nbd7 {[%clk 1:25:15]} 8. Qxb7 {[%clk 1:27:39]} c5
{[%clk 1:23:47]} 9. Nc3 {[%clk 1:25:10]} cxd4 {[%clk 1:15:10]} 10. exd4
{[%clk 1:25:36]} Be7 {[%clk 1:08:18]} 11. Bf4 {[%clk 1:26:02]} O-O
{[%clk 0:54:56]} 12. Bc7 {[%clk 1:26:26]} Qe8 {[%clk 0:55:16]} 13. O-O-O
{[%clk 1:26:31]} a5 {[%clk 0:49:36]} 14. Ba6 {[%clk 1:18:30]} Bb4
{[%clk 0:43:33]} 15. Nb5 {[%clk 1:17:28]} Nd5 {[%clk 0:37:29]} 16. a3
{[%clk 1:16:55]} Be7 {[%clk 0:37:41]} 17. Kb1 {[%clk 1:09:07]} N7f6
{[%clk 0:37:01]} 18. Rc1 {[%clk 1:01:02]} Qd7 {[%clk 0:32:04]} 19. Be5
{[%clk 0:57:56]} Rfd8 {[%clk 0:28:47]} 20. Qxd7 {[%clk 0:55:05]} Rxd7
{[%clk 0:27:39]} 21. Bc8 {[%clk 0:53:06]} Rd8 {[%clk 0:27:31]} 22. Bb7
{[%clk 0:53:31]} Rab8 {[%clk 0:25:57]} 23. Bxb8 {[%clk 0:53:55]} Rxb8
{[%clk 0:26:21]} 24. Rc8+ {[%clk 0:53:05]} 1-0

[Event "O pohar mesta Ricany 2016"]
[Site "Kulturni centrum Labut, 17. Listopadu 214 25101 Ricany"]
[Date "2016.09.03"]
[Round "9.3"]
[White "Rut, Vojtech"]
[Black "Skalicky, Tomas"]
[Result "1-0"]
[WhiteElo "2135"]
[BlackElo "2110"]
[PlyCount "0"]
[EventDate "2016.09.03"]

1. e4 {[%clk 1:28:01]} d6 {[%clk 1:30:49]} 2. d4 {[%clk 1:27:24]} Nf6
{[%clk 1:31:13]} 3. Nc3 {[%clk 1:27:47]} e5 {[%clk 1:31:38]} 4. Nf3
{[%clk 1:27:22]} Nbd7 {[%clk 1:32:01]} 5. g4 {[%clk 1:26:40]} Nxg4
{[%clk 1:26:36]} 6. Rg1 {[%clk 1:26:51]} Ngf6 {[%clk 1:26:50]} 7. Bc4
{[%clk 1:26:29]} h6 {[%clk 1:25:42]} 8. Be3 {[%clk 1:24:50]} exd4
{[%clk 1:22:23]} 9. Qxd4 {[%clk 1:20:57]} c5 {[%clk 1:15:17]} 10. Qd3
{[%clk 1:15:28]} Nb6 {[%clk 1:14:55]} 11. Bb5+ {[%clk 0:54:56]} Bd7
{[%clk 1:14:22]} 12. e5 {[%clk 0:54:09]} dxe5 {[%clk 1:12:10]} 13. O-O-O
{[%clk 0:50:59]} Qc7 {[%clk 1:00:55]} 14. Bxd7+ {[%clk 0:43:03]} Nbxd7
{[%clk 1:00:37]} 15. Qc4 {[%clk 0:36:34]} a6 {[%clk 0:55:13]} 16. Nh4
{[%clk 0:26:14]} b5 {[%clk 0:53:43]} 17. Qe2 {[%clk 0:25:49]} g6 {[%clk 0:49:06]}
18. f4 {[%clk 0:20:59]} e4 {[%clk 0:39:26]} 19. f5 {[%clk 0:12:52]} g5
{[%clk 0:34:39]} 20. Nxe4 {[%clk 0:09:42]} Nxe4 {[%clk 0:30:31]} 21. Bxg5
{[%clk 0:09:47]} Qe5 {[%clk 0:30:44]} 22. Nf3 {[%clk 0:06:21]} Qxf5
{[%clk 0:30:37]} 23. Bh4 {[%clk 0:05:00]} Qe6 {[%clk 0:20:55]} 24. Rge1
{[%clk 0:04:29]} f5 {[%clk 0:20:54]} 25. Nd2 {[%clk 0:03:15]} Ra7
{[%clk 0:15:26]} 26. Nxe4 {[%clk 0:02:12]} fxe4 {[%clk 0:13:12]} 27. Qh5+
{[%clk 0:02:41]} Qf7 {[%clk 0:13:35]} 28. Rxe4+ {[%clk 0:03:09]} 1-0

[Event "O pohar mesta Ricany 2016"]
[Site "Kulturni centrum Labut, 17. Listopadu 214 25101 Ricany"]
[Date "2016.09.03"]
[Round "9.4"]
[White "Hrdina, Robin"]
[Black "Vojta, Tomas"]
[Result "1/2-1/2"]
[WhiteElo "2120"]
[BlackElo "2384"]
[PlyCount "0"]
[EventDate "2016.09.03"]

1. b3 e5 2. Bb2 Nc6 3. e3 a6 4. Nf3 e4 5. Nd4 Nf6 6. d3 Nxd4 7. Bxd4 d5 8. Nd2 b6
9. dxe4 dxe4 10. Bc4 Bb7 11. a4 Bd6 12. Qe2 O-O 13. O-O Qe7 14. Rfd1 Nd7 15. Qh5
Ne5 16. Be2 c5 17. Bc3 Bc6 18. Nc4 Nxc4 19. Bxc4 Rfd8 20. Rd2 1/2-1/2

[Event "O pohar mesta Ricany 2016"]
[Site "Kulturni centrum Labut, 17. Listopadu 214 25101 Ricany"]
[Date "2016.09.03"]
[Round "9.5"]
[White "Soural, Jan"]
[Black "Skokan, Frantisek"]
[Result "1-0"]
[WhiteElo "2222"]
[BlackElo "1930"]
[PlyCount "0"]
[EventDate "2016.09.03"]

1. d4 Nf6 2. c4 g6 3. Nc3 d5 4. cxd5 Nxd5 5. Bd2 Bg7 6. e4 Nxc3 7. Bxc3 c5 8. d5
Bxc3+ 9. bxc3 Qa5 10. Qd2 Nd7 11. Nf3 b6 12. Bd3 Ba6 13. O-O Bxd3 14. Qxd3 f6 15.
Nd2 b5 16. f4 Qb6 17. Nf3 c4+ 18. Qd4 Qxd4+ 19. Nxd4 Nc5 20. Nxb5 Rb8 21. Rab1
O-O 22. Nxa7 Nxe4 23. Nc6 Ra8 24. Rb7 Rfe8 25. Nxe7+ Kf8 26. Nc6 Rxa2 27. Re1 Rd2
28. Rxh7 f5 1-0